| 000 | 01019nam a2200289Ia 4500 | ||
|---|---|---|---|
| 005 | 20210727153012.0 | ||
| 008 | 121119s2003 ck a grf 000 0 spa | ||
| 020 | _a9583000213 | ||
| 041 | 0 | _aspa | |
| 082 | 0 | 4 |
_a395.5 _bC17M |
| 100 | 1 | _aCarreño, Manuel A., | |
| 245 | 1 | 0 |
_aManual de urbanidad y buenas maneras de consulta indispensable para niños, jóvenes y adultos _cManuel A. Carreño ; ilustraciones, Juan Ramón Sierra Carrasquilla |
| 250 | _aDécima reimpresión | ||
| 264 | 1 |
_aBogotá _bPanamericana _c2003 |
|
| 300 |
_a429 páginas _bilustraciones _c20 cm. |
||
| 336 |
_atexto _btxt _2rdacontent |
||
| 337 |
_asin mediación _bn _2rdamedia |
||
| 338 |
_avolumen _bnc _2rdacarrier |
||
| 490 | 0 | _aParaeducativo | |
| 650 | 1 | 4 |
_2LEMB _aUrbanismo _xAspectos sociales |
| 650 | 1 | 4 |
_2LEMB _aCortesía _xManuales |
| 650 | 1 | 4 |
_2LEMB _aEtiqueta _xManuales |
| 650 | 1 | 4 |
_2LEMB _aConducta _vManuales |
| 700 | 1 |
_aSierra Carrasquilla, Juan Ramón _eilustrador |
|
| 942 |
_2ddc _cBK |
||
| 040 |
_aCO-BoRNBP _bspa _erda _cCO-BoRNBP |
||
| 999 |
_c688 _d688 |
||